000 004320000a22001570004500
041 0 _aSPA
082 0 4 _aG 262.99 N335n
245 1 0 _aManual de la igleisa del nazareno : Historia, constitución, gobierno, ritual
260 _aKansas, MO., USA : Casa Nazarena
300 _a295 Pag
001 9828
942 _cBK
999 _c39676
_d39676
336 _atexto
_btxt
_2rdacontent
337 _2rdamedia
_asin mediación
_bn
338 _2rdacarrier
_avolumen
_bnc